[Event "Gilan Friendship Cup"]
[Site "Gilan"]
[Date "2014.12.01"]
[Round "2"]
[White "Bouyazadeh, Farid"]
[Black "Deljou, Rahim"]
[Result "0-1"]
[WhiteElo "1650"]
[BlackElo "2123"]
[PlyCount "88"]
[EventDate "2014.11.30"]
[EventType "swiss"]
[EventRounds "9"]
[EventCountry "IRI"]
[SourceTitle "CBM 163 Extra"]
[Source "ChessBase"]
[SourceDate "2014.12.23"]
[SourceVersion "1"]
[SourceVersionDate "2014.12.23"]
[SourceQuality "1"]

1. e4 e6 2. d4 d5 3. Nc3 dxe4 4. Nxe4 Nd7 5. Nf3 Ngf6 6. Ng3 c5 7. c4 cxd4 8. Qxd4 Bc5 9. Qc3 b6 10. b4 Bd6 11. Be3 a5 12. c5 axb4 13. Qxb4 Bxc5 14. Bxc5 bxc5 15. Qb5 Ba6 16. Qb2 Bxf1 17. Nxf1 Rb8 18. Qc2 Nd5 19. Ne3 Qa5+ 20. Nd2 Nxe3 21. fxe3 Qa3 22. Nc4 Qa7 23. Nd6+ Ke7 24. Nc4 Nf6 25. 0-0 Rhd8 26. e4 Rd4 27. e5 Nd5 28. Nd6 f5 29. Rab1 Ne3 30. Rxb8 Qxb8 31. Qxc5 Nxf1 32. Nxf5+ Kf7 33. Qe7+ Kg6 34. Qxe6+ Kg5 35. Nxd4 Ne3 36. Nf3+ Kf4 37. Nd2 Qa7 38. g3+ Kg5 39. Ne4+ Kh5 40. Nf2 Qb7 41. g4+ Kh4 42. Ne4 Qxe4 43. Qe7+ Kh3 44. Kf2 Nxg4+ 0-1